000 00747nam a2200217Ia 4500
003 GCL
008 140319s9999 xx 000 0 ara d
040 _aGCL /
_cGCL
082 0 4 _a780.92
_bح م
100 1 _aحسن درويش
245 1 0 _aمن اجل ابى سيد درويش /
_cحسن درويش
260 _aالقاهرة :
_bالهيئة المصرية العامة للكتاب ،
_c1990
300 _a474 ص ؛
_c26سم
650 0 4 _aالموسيقيون المصريون
650 0 4 _aالموسيقى القديمة
650 0 4 _aالموسيقى الشعبية المصرية
650 0 4 _aالتأليف الموسيقى
650 0 4 _aسيد درويش
650 0 4 _aالموسيقيون - تراجم
942 _2ddc
_cBK
999 _c28211
_d28211